Τι είναι η Κοινωνία Πολιτών ;
| Main Author: | |
|---|---|
| Format: | Book |
| Language: | English |
| Published: |
Αθήνα :
2002
|
| LEADER | 00511nam a22000977a 4500 | ||
|---|---|---|---|
| 008 | 180425s2002 gr ||||| |||| 00| 0 eng d | ||
| 100 | 1 | |9 168504 |a Γιαννής, Νίκος |e συγγραφέας. | |
| 245 | 1 | 0 | |a Τι είναι η Κοινωνία Πολιτών ; |
| 260 | |a Αθήνα : |c 2002 | ||
| 952 | |0 0 |1 0 |2 ddc |4 0 |6 001_300000000000000_ΓΙΑ_ΣΥ_Κ |7 0 |9 221641 |a ARCH |b ARCH |c DON |d 2018-04-25 |i 011884 |l 0 |o 001.3 ΓΙΑ ΣΥ.Κ |p 025000203325 |r 2018-04-25 00:00:00 |w 2018-04-25 |y BKD |z Συλλογή Κασιμάτη | ||
| 999 | |c 133927 |d 133927 | ||